Stolice na literę T - Statystyki

Ogólne statystyki
  • Ten quiz został rozwiązany 66 razy
  • Średni wynik to 7 z 11
Statystyki odpowiedzi
Kontynent Stolica % Poprawnych
Europa Tallinn
86%
Europa Tirana
86%
Azja Teheran
82%
Afryka Tunis
71%
Azja Taszkent
67%
Afryka Trypolis
65%
Ameryka Północna Tegucigalpa
63%
Azja Tokio
63%
Azja Tajpej
61%
Azja Thimphu
53%
Azja Tibilisi
47%
Nie znaleziono quizów pasujących do podanych kryteriów
Rozkład punktacji
Procent ludzi z każdym wynikiem
Percentyl według liczby udzielonych odpowiedzi
Twoja historia wyników
Nie rozwiązałeś tego quizu